| 000 | 01014nam a2200301 i 4500 | ||
|---|---|---|---|
| 001 | 000044965 | ||
| 003 | DO-SdBNP | ||
| 005 | 20250919134403.0 | ||
| 007 | ta | ||
| 008 | 081127t1999 dr 000 f spa d | ||
| 020 | _a8493063843 | ||
| 040 |
_aDO-SdBNP _bspa _cBNPHU _erda |
||
| 041 | _aspa | ||
| 082 | 4 |
_aRD863.44 _bV443uñ _222 |
|
| 100 | 1 |
_aVeloz Maggiolo, Marcio, _d1936-2021 _eautor _4aut. _91104 |
|
| 245 | 1 | 0 |
_aUña y carne : _bmemorias de la virilidad / _cMarcio Veloz Maggiolo. |
| 264 | 4 |
_aSanto Domingo, República Dominicana : _bEditora Cole, _c©1999. |
|
| 300 |
_a279 páginas ; _c18 cm. |
||
| 336 |
_atexto _btxt _2rdacontent |
||
| 337 |
_asin mediación _bn _2rdamedia |
||
| 338 |
_avolumen _bnc _2rdacarrier |
||
| 590 | _aInventariado, 2020/VM | ||
| 650 | 4 |
_aNovela histórica dominicana. _9860 |
|
| 650 | 4 |
_aLiteratura dominicana. _967 |
|
| 651 | 4 |
_aRepública Dominicana _xHistoria _yEra de Trujillo, 1930-1961 _xNovela _921999 |
|
| 910 | _aValidado. Control de calidad MFF | ||
| 942 |
_2ddc _cLBS1 |
||
| 999 |
_c44454 _d44454 |
||